Tales of real escape / (Record no. 5848)

MARC details
000 -LEADER
fixed length control field 00912nam a22002657a 4500
001 - CONTROL NUMBER
control field 5848
003 - CONTROL NUMBER IDENTIFIER
control field FISKH
005 - DATE AND TIME OF LATEST TRANSACTION
control field 20250124133944.0
008 - FIXED-LENGTH DATA ELEMENTS--GENERAL INFORMATION
fixed length control field 250124b cb ||||| |||| 00| 0 eng d
020 ## - INTERNATIONAL STANDARD BOOK NUMBER
International Standard Book Number 0590621718
040 ## - CATALOGING SOURCE
Original cataloging agency FISKH
Language of cataloging eng
Transcribing agency FISKH
Modifying agency FISKH
050 ## - LIBRARY OF CONGRESS CALL NUMBER
Classification number HV8657.D68
082 ## - DEWEY DECIMAL CLASSIFICATION NUMBER
Classification number 365.641
100 ## - MAIN ENTRY--PERSONAL NAME
Personal name Dowswell, Paul
245 ## - TITLE STATEMENT
Title Tales of real escape /
Statement of responsibility, etc. by Paul Dowswell : Designed by Mary Cartwright and Nigel Reece
260 ## - PUBLICATION, DISTRIBUTION, ETC.
Place of publication, distribution, etc. New York :
Name of publisher, distributor, etc. Scholastic ,
Date of publication, distribution, etc. 1995 .
300 ## - PHYSICAL DESCRIPTION
Extent 64 pages :
Other physical details color illustrations , maps ;
Dimensions 25 cm .
490 ## - SERIES STATEMENT
Series statement Real Tales
520 ## - SUMMARY, ETC.
Summary, etc. From convicts in Alcatraz to prisoners in Colditz Castle, Tales of real escape celebrates the cunning, determination and courage of the would-be escaper.
650 ## - SUBJECT ADDED ENTRY--TOPICAL TERM
Topical term or geographic name entry element crime
Form subdivision non-fiction
700 ## - ADDED ENTRY--PERSONAL NAME
Personal name Ross, Peter
Relator term illustrator
700 ## - ADDED ENTRY--PERSONAL NAME
Personal name Jackson, Tony
Relator term illustrator
942 ## - ADDED ENTRY ELEMENTS (KOHA)
Source of classification or shelving scheme Dewey Decimal Classification
Koha item type Books
Suppress in OPAC No
Holdings
Withdrawn status Lost status Source of classification or shelving scheme Damaged status Not for loan Collection Home library Current library Shelving location Date acquired Total Checkouts Full call number Barcode Date last seen Price effective from Koha item type
    Dewey Decimal Classification     Non-Fiction Footprints International School Library Network Toul Kork Campus Footprints International School Library Network Toul Kork Campus TTP Secondary Non-Fiction Bookshelves 01/24/2025   DOW 365.641 HV8657.D68 FISSE00861 01/24/2025 01/24/2025 Books